Estatísticas para Nomeie um País Válido #2

Clique aqui para jogar o quiz

Estatísticas Gerais

  • Esse quiz foi jogado 38 643 vezes
    (26 689 desde o último reset)
  • A pontuação média é 14 de 20

Estatísticas das Respostas

Nomeie um país ...Resposta% Correto
que começa com ZZâmbia | Zimbábue
98%
cujo nome possui CHChade | Chile | China | Chipre | Liechtenstein |
República Checa | Seychelles
92%
que começa com UUcrânia | Uganda | Uruguai | Uzbequistão
91%
cujo nome acaba com LÁfrica do Sul | Brasil | Coréia do Sul | Guiné Equatorial |
Ilhas Marshall | Israel | Nepal | Portugal | Senegal |
Sudão do Sul
90%
que usa o Peso como dinheiroArgentina | Chile | Colômbia | Cuba | Filipinas | México |
República Dominicana | Uruguai
88%
que tem um território com no máximo 160 km
de distância dos Estados Unidos
(mas que não faz fronteira com os EUA)
Bahamas | Cuba | Rússia
80%
que é um Estado Marxista com
apenas um partido por lei
China | Cuba | Laos | Vietname
78%
que foi parte da IugosláviaBósnia e Herzegovina | Croácia | Eslovénia | Kosovo |
Macedónia do Norte | Montenegro | Sérvia
74%
fazendo fronteira com a Costa RicaNicarágua | Panamá
73%
fazendo fronteira com o Mar VermelhoArábia Saudita | Djibouti | Egito | Eritreia | Iémen |
Israel | Jordânia | Sudão
70%
cuja bandeira possui o Cruzeiro do SulAustrália | Brasil | Nova Zelândia | Papua Nova Guiné |
Samoa
70%
com uma águia na sua bandeiraAlbânia | Egito | Cazaquistão | México | Moldávia |
Montenegro | Sérvia | Zâmbia | Zimbábue
64%
com mais de 100 milhões de muçulmanosBangladesh | Índia | Indonésia | Paquistão
63%
com mais vacas do que pessoasArgentina | Brasil | Nova Zelândia | Uruguai
58%
que é um país insular no Mar MediterrâneoChipre | Malta
58%
que é um país insular no Oceâno ÍndicoComores | Madagáscar | Maldivas | Maurícia |
Seychelles | Sri Lanka
56%
onde o Rio Mekong fluiBirmânia | Camboja | China | Laos | Tailândia | Vietname
55%
com Budismo como religião oficialBirmânia | Butão | Camboja | Laos | Sri Lanka | Tailândia
54%
que tinha mortes de ebola em 2014Guiné | Libéria | Nigéria | R.D. do Congo | Serra Leoa
51%
fazendo fronteira com o Golfo PersaArábia Saudita | Bahrein | Catar | Emirados Árabes Unidos |
Irão | Iraque | Kuweit | Omã
50%

Distribuição das Pontuações

Percentil de Números Respondidos

Porcentagem de Pessoas com Cada Pontuação

Sua Pontuação Histórica

Você não jogou esse quiz desde o último reset